Political Geography: Spanish Colonies #2 - Statistics

General Stats
  • This quiz has been taken 37 times
  • The average score is 30 of 49
Answer Stats
Colonial Territory Notes Present-day Sovereign State % Correct
Capitanía General de Santo Domingo (Captaincy General of Santo Domingo) (1535-1795, 1809-1821, 1861-1865) D Dominican Republic
100%
Provincia de Nueva Navarra (1565-1821) U United States (part of Arizona, New Mexico )
78%
G Guatemala
72%
N Nicaragua
72%
Provincia de Charcas (1542-1782) B Bolivia
69%
E El Salvador
69%
G Guatemala
69%
H Honduras
69%
M Mexico
69%
V Venezuela
69%
Capitanía General de Chile (Captaincy General of Chile) (1541-1810) A Argentina
66%
C Chile
66%
Capitanía General de Guatemala (Captaincy General of Guatemala) (1609-1821) C Costa Rica
66%
Part 2 of 4 D Dominican Republic
66%
E El Salvador
66%
H Haiti
66%
Part 3 of 4 H Honduras
66%
J Jamaica
66%
M Mexico
66%
Gobernación de Nueva Andalucía (Governorate of New Andalucía of Río de la Plata) (1534-1617) A Argentina
63%
C Chile
63%
Santiago (1509-1655) J Jamaica
63%
N Nicaragua
63%
P Paraguay
63%
P Philippines
63%
T Trinidad and Tobago
63%
U United States (Guam, Northern Mariana Islands)
63%
U United States (part or all of many states, Puerto Rico, Guam, Northern Mariana Islands)
63%
U Uruguay
63%
Virreinato de Nueva España (Viceroyalty of New Spain) (1521-1821) Part 1 of 4 B Belize
59%
B Brazil
59%
Part 4 of 4 P Panama
59%
C Cuba
56%
F France (French Polynesia)
56%
C Canada
53%
C Colombia
53%
C Costa Rica
53%
Annobón (1778) E Equatorial Guinea
53%
Fernando Po (1778-1968) E Equatorial Guinea (Bioko)
53%
G Guyana
53%
C Chile (Easter Island)
50%
Capitanía General de Filipinas (Captaincy General of the Philippines) (1565-1898) M Micronesia
50%
Ifni (1934-1969) M Morocco
50%
P Philippines
47%
M Micronesia
44%
P Palau
44%
P Palau
44%
Isla de Oruba (c. 1500-1569) N Netherlands (Aruba)
41%
T Taiwan
38%
No matching quizzes found
Score Distribution
Percent of People with Each Score
Percentile by Number Answered
Your Score History
You have not taken this quiz